|
|
แสดงรายละเอียดบรรณานุกรม |
|
|
Brief Record
: Get Marc (ISO 2709)
: E-mail record
: |
|
|
| LEADER 00000nama 2200000uu 4500 | |||
| 001 195337 | |||
| 003 ULIBM | |||
| 008 040531s|||| th m m a000 0 tha d | |||
| 020 974-94683-4-1 | |||
| 041 tha | |||
| 050 QV 137 พ219 ฉ.1-3 2549 | |||
| 100 กรองจิต วาทีสาะกกิจ ; บรรณาธิการ. | |||
| 245 พยาบาลกับบุหรี่. | |||
| 260 2549. โรงพิมพ์ดี. กรุงเทพน. | |||
| 300 130หน้า. | |||
| 600 ปอด,โรค--การรักษา. | |||
| 650 การสูบบุหรี่. | |||
| 995 001 | |||
| คุณยังไม่ได้ล็อกอิน คุณสามารถมีกิจกรรมร่วมกับเว็บไซต์ได้ แต่ต้องล็อกอินก่อน :: |
|
| สถานะ | |||||||||
| 1. | หนังสือทั่วไป สถานะ=หนังสือเก่า - บริการ ณ ห้องสมุด (ห้องเหลือง) | QV 137 พ219 ฉ.1-3 2549 | On Shelf ขอยืม | ||||||
| 2. | หนังสือทั่วไป สถานะ=หนังสือเก่า - บริการ ณ ห้องสมุด (ห้องเหลือง) | QV 137 พ219 ฉ.1-3 2549 | On Shelf ขอยืม | ||||||
| [แสดง 2/2 รายการ] | |||||||||
| รายการใกล้เคียง หัวเรื่อง [การสูบบุหรี่.]
|
BibComment |
| คอมเมนท์ทรัพยากรรายการนี้ |
|
|